Contemporary approaches to english studies

Gardado en:
Detalles Bibliográficos
Formato: Libro
Idioma:Undetermined
Publicado: Londres, Inglaterra Butler and Tanner 1977
Materias:
Etiquetas: Engadir etiqueta
Sen Etiquetas, Sexa o primeiro en etiquetar este rexistro!

MARC

LEADER 00000nam a2200000Ia 4500
008 170316s9999 xx 000 0 und d
040 |a cru BVZT 
090 |a A-820 C-3.1c 
245 |a Contemporary approaches to english studies 
260 |a Londres, Inglaterra 
260 |b Butler and Tanner 
260 |c 1977 
300 |a 105 páginas 
650 |a LITERATURA INGLESA 
650 |a ANTOLOGÍA 
999 |c 12335  |d 12335 
942 |c 15 D  |h A-820 C-3.1c  |2 z